000 00507cam a22002054a 4500
005 20250605164321.0
008 250528s ||||||||||||||||||||||||d
035 _a22917
020 _a9780195540956
040 _aGR-AtMCL
_bgre
_dGR-AtMCL
_eAACR2
245 1 _aPREPARATION AND PRACTICE IELTS
250 _a1
260 _bOxford University Press,
_c1997
300 _a99
700 1 _aLindeck Jeremy
_98544
700 1 _aSahanaya Wendy
_98545
942 _cBK
999 _c7960
_d7960